00363 2200145 4500001002100000005001500021035002000036245006200056100001900118300001200137260003400149082000800183084001400191990001200205INLIS00000000000234420250528102727 a0010-05250006361 aLagu Nasional dan Daerah Indonesia /cDrs. Slamet Raharjo0 aSlamet Raharjo a188 hlm aSemarang :bAneka Ilmu,c2006 a700 a700 SLA l a0712342